| 000 | 00404nam a2200145Ia 4500 | ||
|---|---|---|---|
| 005 | 20260328104341.0 | ||
| 008 | 260328s9999||||xx |||||||||||||| ||und|| | ||
| 100 | _aGoldstein, Mitch | ||
| 245 | 0 |
_aHow to be a Design Student : _b (and how to teach Them ) / _cMitch Goldstein |
|
| 250 | _aIngles | ||
| 260 | _bPrinceton Architectural Press | ||
| 300 | _a175 p. | ||
| 650 | _aCOMUNICACIÓN | ||
| 942 | _cBK | ||
| 999 |
_c12126 _d12126 |
||